Guess the 1960s song lyrics #93 - Statistics

General Stats
  • This quiz has been taken 43 times
  • The average score is 209 of 253
Answer Stats
Answer % Correct
a
100%
I
100%
the
100%
The
100%
To
100%
to
100%
me
97%
Me
97%
you
97%
be
95%
is
95%
it
95%
and
92%
And
92%
No
92%
So
92%
so
92%
When
92%
all
86%
For
86%
for
86%
how
86%
it's
86%
love
86%
my
86%
one
86%
only
86%
see
86%
can't
84%
do
84%
life
84%
they
84%
with
81%
Ba
78%
ba
78%
but
78%
could
78%
happy
78%
Happy
78%
together
78%
day
76%
If
76%
you're
76%
her
73%
matter
73%
night
73%
had
70%
right
70%
about
68%
girl
68%
lovin
68%
think
68%
weather
68%
nobody
65%
We're
65%
Turtles
62%
dice
59%
hold
59%
world
59%
baby
57%
tight
57%
toss
57%
say
54%
up
54%
Imagine
51%
should
51%
blue
49%
call
49%
very
49%
mind
46%
fine
41%
dime
35%
belong
32%
invest
32%
Now
32%
ease
30%
skies'll
27%
No matching quizzes found
Score Distribution
Percent of People with Each Score
Percentile by Number Answered
Your Score History
You have not taken this quiz